01294cam a22003614i 4500003000900000005001700009008004100026020001500067035002700082040003300109082001900142100002600161245005600187264005500243300003800298336002100336337002500357338002300382504002800405505037500433526001000808526001000818526001000828526001000838526000800848526000800856526000800864526000800872526000800880526000800888526000800896650002800904PE-LiUPU20250731173130.0150623s r 000 0 d a0801054001 a(Sirsi) i9780801054006 aPE-LiUPUbspacPE-LiUPUerda04a248.4bK572211 aKirby, Scott,eautor.10aDating :bguidelines from the Bible /cScott Kirby. 1aGrand Rapids, Michigan :bBaker Book House,c1979. a152 páginas ;c18 centímetros atext2rdacontent aunmediated2rdamedia avolume2rdacarrier aIncluye bibliografía.0 aIn the beginning. How to like yourself. How to know if you are in love. What about dating non-christians?. What makes a great dating relationship?. Flirting.. and other things. How far is too far?. How to keep from going too far. Living with loneliness (no dates!). Breaking up is hard to do. How to pick a miss or mister. To wed or not to wed?. Engagement and marriage. aSEG42 aSEG41 aSEG40 aSEG39 aP94 aP87 aP86 aP85 aP77 aP76 aP3504aVida cristianaxGuía.